Técnicas y fundamentos del contraexamen en el proceso penal chileno

I tiakina i:
Ngā taipitopito rārangi puna kōrero
Kaituhi matua: Vial Campos, Pelayo (Author)
Hōputu: Pukapuka
Reo:Pāniora
I whakaputaina: Santiago Librotecnia 2006
Putanga:1a. ed
Ngā marau:
Ngā Tūtohu: Tāpirihia he Tūtohu
Kāore He Tūtohu, Me noho koe te mea tuatahi ki te tūtohu i tēnei pūkete!

MARC

LEADER 00000nam a2200000 a 4500
001 UCJ1882
003 CL-VaPUC
008 061117e20060000CL |||||||||||||||||spa|d
020 |a 9567950407 
082 0 4 |a 345.83075  |b VIA  |2 21 
100 0 |a Vial Campos, Pelayo  |e author  |9 502653 
245 1 0 |a Técnicas y fundamentos del contraexamen en el proceso penal chileno 
250 |a 1a. ed 
300 |a 339 p 
942 |c BK 
945 |d 20061117 00:00:00  |a jtorresc 
260 |a Santiago  |b Librotecnia  |c 2006 
650 7 |a TESTIGOS  |2 CL-VaPUC  |9 502654 
650 0 |a Administración de justicia  |9 382749 
650 0 |a Acción penal  |9 254970 
650 7 |a PERITAJE  |2 CL-VaPUC  |9 460010 
650 7 |a PRUEBA PERICIAL  |2 CL-VaPUC  |9 258499 
650 7 |a REFORMA PROCESAL PENAL CHILENO  |2 CL-VaPUC  |9 502656 
583 |a last modification  |c 20061117 00:00:00  |k Rodrigo Vera 
999 |c 318314  |d 318312 
952 |0 0  |1 0  |4 0  |6 345_830750000000000_VIA_2006  |7 0  |8 A  |9 396057  |a BIBDER  |b BIBDER  |d 2019-11-22  |i 4292375  |o 345.83075 VIA 2006  |p 4292375  |r 2023-01-25  |w 2019-11-22  |y BK  |k DER 
952 |0 0  |1 0  |4 0  |6 345_830750000000000_VIA_2006  |7 0  |8 A  |9 396058  |a BIBDER  |b BIBDER  |d 2019-11-22  |i 4292383  |o 345.83075 VIA 2006  |p 4292383  |r 2023-01-25  |w 2019-11-22  |y BK  |k DER